Catálogo - Centro de Recursos para el Aprendizaje y la Investigación
Volver al Sitio - CRAI Biblioteca| 000 -CABECERA | |
|---|---|
| campo de control de longitud fija | 01599nam a22002657a 4500 |
| 001 - NÚMERO DE CONTROL | |
| campo de control | 113628 |
| 003 - IDENTIFICADOR DEL NÚMERO DE CONTROL | |
| campo de control | DR-UNIBE |
| 005 - FECHA Y HORA DE LA ÚLTIMA TRANSACCIÓN | |
| campo de control | 20250514110256.0 |
| 008 - DATOS DE LONGITUD FIJA--INFORMACIÓN GENERAL | |
| campo de control de longitud fija | 250514b2025 xxu||||| |||| 00| 0 spa d |
| 020 ## - NÚMERO INTERNACIONAL ESTÁNDAR DEL LIBRO | |
| Número Internacional Estándar del Libro | 9789945292978 |
| 040 ## - FUENTE DE LA CATALOGACIÓN | |
| Centro catalogador/agencia de origen | BIBLIOTECA UNIBE |
| Centro/agencia transcriptor | BIBLIOTECA UNIBE |
| Normas de descripción | rda |
| 041 ## - CÓDIGO DE LENGUA | |
| Código de lengua del texto/banda sonora o título independiente | spa |
| 082 ## - NÚMERO DE LA CLASIFICACIÓN DECIMAL DEWEY | |
| Número de clasificación | RD 523.12 V297a 2025 |
| 100 1# - ENTRADA PRINCIPAL--NOMBRE DE PERSONA | |
| Nombre de persona | Vargas López, Rafael Antonio |
| 9 (RLIN) | 155718 |
| Término indicativo de función/relación | autor |
| 245 13 - MENCIÓN DE TÍTULO | |
| Título | El abrazo de la eternidad : |
| Resto del título | danza con la singularidad / |
| Mención de responsabilidad, etc. | Rafael Antonio Vargas López |
| 250 ## - MENCIÓN DE EDICIÓN | |
| Mención de edición | Segunda edición |
| 260 ## - PUBLICACIÓN, DISTRIBUCIÓN, ETC. | |
| Lugar de publicación, distribución, etc. | Orlando : |
| Nombre del editor, distribuidor, etc. | Edición de Bolsillo, |
| Fecha de publicación, distribución, etc. | 2025 |
| 300 ## - DESCRIPCIÓN FÍSICA | |
| Extensión | 556 páginas |
| 505 ## - NOTA DE CONTENIDO CON FORMATO | |
| Nota de contenido con formato | Capítulo 1. Raices de gratitud |<br/>Capítulo 2. La conferencia mundial |<br/>Capítulo 3. La vida de Rael |<br/>Capítulo 4. El cielo de los elegidos |<br/>Capítulo 5. El infierno interior |<br/>Capítulo 6. La trascendencia infinita |<br/>Capítulo 7. Los susurros de liana |<br/>Capítulo 8. Los lazos que nos unen |<br/>Capítulo 9. El espejo del alma |<br/>Capítulo 10. La convergencia de los caminos |<br/>Capítulo 11. Reflejos cuánticos del alma |<br/>Capitulo 12. El lápiz, el cristal y el beso |<br/>Capítulo 13. El eco del atractor |<br/>Capitulo 14. El enigma |<br/>Capitulo 15. El laberinto de la mente |<br/>Capitulo 16. La seducción de la inmortalidad |<br/>Capitulo 17. El presagio del enfrentamiento |<br/>Capitulo 18. El último reflejo |<br/>Capitulo 19. El llamado de la eternidad |<br/>Capitulo 20. La danza con la singularidad |<br/> |
| 650 #7 - PUNTO DE ACCESO ADICIONAL DE MATERIA--TÉRMINO DE MATERIA | |
| Fuente del encabezamiento o término | lemb |
| Término de materia o nombre geográfico como elemento de entrada | Existencias |
| 9 (RLIN) | 195332 |
| 650 #7 - PUNTO DE ACCESO ADICIONAL DE MATERIA--TÉRMINO DE MATERIA | |
| Fuente del encabezamiento o término | lemb |
| Término de materia o nombre geográfico como elemento de entrada | Cosmología |
| 650 #7 - PUNTO DE ACCESO ADICIONAL DE MATERIA--TÉRMINO DE MATERIA | |
| Fuente del encabezamiento o término | lemb |
| Término de materia o nombre geográfico como elemento de entrada | Literatura dominicana |
| 650 #7 - PUNTO DE ACCESO ADICIONAL DE MATERIA--TÉRMINO DE MATERIA | |
| Fuente del encabezamiento o término | lemb |
| Término de materia o nombre geográfico como elemento de entrada | Filosofía |
| 942 ## - ELEMENTOS DE PUNTO DE ACCESO ADICIONAL (KOHA) | |
| Fuente del sistema de clasificación o colocación | Sistema de Clasificación Decimal Dewey |
| Tipo de ítem Koha | Libro (general) |
| Estado de retiro | Estado de pérdida | Fuente del sistema de clasificación o colocación | No para préstamo | Código de colección | Localización permanente | Fecha de adquisición | Total de préstamos | Signatura topográfica completa | Código de barras | Fecha visto por última vez | Número de copia | Precio válido a partir de | Tipo de ítem Koha |
|---|---|---|---|---|---|---|---|---|---|---|---|---|---|
| Disponible | Sistema de Clasificación Decimal Dewey | General | Biblioteca Central UNIBE | 14/05/2025 | RD 523.12 V297a 2025 | 250588 | 14/05/2025 | Ej. 1 | 14/05/2025 | Libro (general) | |||
| Disponible | Sistema de Clasificación Decimal Dewey | General | Biblioteca Central UNIBE | 14/05/2025 | RD 523.12 V297a 2025 | 250589 | 14/05/2025 | Ej. 2 | 14/05/2025 | Libro (general) |